Угадайте страну мира по трём ее городам - Statistics

General Stats
  • This quiz has been taken 359 times
  • The average score is 5 of 20
Answer Stats
Города Страна % Correct
Мерида, Сапопан, Гвадалахара Мексика
64%
Жанаозен, Жезказган, Жаркент Казахстан
58%
Батман, Сивас, Самсун Турция
46%
Мултан, Скарду, Чилас Пакистан
41%
Латина, Прато, Сассари Италия
35%
Брегенц, Линц, Санкт-Пёльтен Австрия
35%
Паксе, Пхонхонг, Луангпхабанг Лаос
32%
Банфф, Ориллия, Сарния Канада
29%
Телави, Марнеули, Хашури Грузия
27%
Буджад, Уэззан, Таманар Марокко
27%
Серекунда, Банжул, Гунжур Гамбия
25%
Ихиала, Фестак, Джалинго Нигерия
20%
Матрах, Баушар, Шинас Оман
19%
Эль-Кеф, Тестур, Ла-Марса Тунис
17%
Маасейк, Дейнзе, Монс Бельгия
17%
Имишли, Товуз, Сабирабад Азербайджан
15%
Йоросо, Сегу, Банамба Мали
13%
Мандевилл, Очо-Риос, Монтего-Бей Ямайка
10%
Савусаву, Навуа, Лаутока Фиджи
8%
Орикум, Чоровода, Либохова Албания
8%
No matching quizzes found
Score Distribution
Percent of People with Each Score
Percentile by Number Answered
Your Score History
You have not taken this quiz